| 000 | 00938cam a22002417a 4500 | ||
|---|---|---|---|
| 020 | _a9780470874264 (pbk.) | ||
| 020 | _a0470874260 (pbk.) | ||
| 040 | _cBTCTA | ||
| 082 | 0 | 4 | _a746 WIL 2011 A073 Or. |
| 100 | 1 | _aMorgan-Oakes, Melissa. | |
| 245 | 1 | 0 | _aCircular knitting / |
| 246 | 3 | _aTeach yourself visually circular knitting | |
| 260 |
_aHoboken, NJ : _bWiley, _c2011. |
||
| 300 |
_a245 p. : _bcol. ill. ; _c23 cm. |
||
| 490 | 1 | _aTeach yourself visually | |
| 490 | 1 | _aVisual read less, learn more | |
| 500 | _aIncludes index. | ||
| 520 | _aKnitting in the round has benefits over knitting with straight needles, including seamless finished projects, easy portability, and not having to turn your work. With patterns ranging from scarves and hats to sweaters and baby sets, this visual guide will have you knitting in the round in no time. | ||
| 650 | 0 | _aKnitting. | |
| 650 | 7 | _aKnitting. | |
| 650 | 7 | _aKnitting | |
| 942 | _cEK | ||
| 999 |
_c15037 _d15037 |
||